A course in American literature

Đã lưu trong:
Bibliografiske detaljer
Hovedforfatter: Lê Huy Lộc
Format: Bog
Sprog:Undetermined
Udgivet: Tp HCM ĐHQG 2002
Fag:
Tags: Tilføj Tag
Ingen Tags, Vær først til at tagge denne postø!
Thư viện lưu trữ: Trung tâm Học liệu Trường Đại học Cần Thơ
LEADER 00532nam a2200193Ia 4500
001 CTU_54779
008 210402s9999 xx 000 0 und d
020 |b 60000 
082 |a 810.9 
082 |b L451 
100 |a Lê Huy Lộc 
245 2 |a A course in American literature 
245 0 |c Lê Huy Lộc và Nguyễn Hoàng Linh 
260 |a Tp HCM 
260 |b ĐHQG 
260 |c 2002 
650 |a american literature 
650 |x history and criticism 
980 |a Trung tâm Học liệu Trường Đại học Cần Thơ